ბათუმის შოთა რუსთაველის სახელმწიფო უნივერსიტეტის ბიბლიოთეკა

Biostatistics: (ბიბ.ჩანაწერი № 61642)

000 -LEADER
fixed length control field 00711nam a22002057a 4500
005 - DATE AND TIME OF LATEST TRANSACTION
control field 20240404154432.0
008 - FIXED-LENGTH DATA ELEMENTS--GENERAL INFORMATION
fixed length control field 240404s2007 enk||||| |||| 00| 0 eng d
020 ## - INTERNATIONAL STANDARD BOOK NUMBER
International Standard Book Number 9780123694928x
041 ## - LANGUAGE CODE
Language code of text/sound track or separate title eng
080 ## - UNIVERSAL DECIMAL CLASSIFICATION NUMBER
Universal Decimal Classification number 614 F-75
100 ## - MAIN ENTRY--PERSONAL NAME
Personal name Forthofer, Ronald
9 (RLIN) 21713
245 ## - TITLE STATEMENT
Title Biostatistics:
Remainder of title A Guide to Design, Analysis and Discovery /
Statement of responsibility, etc. Ronald Forthofer, Eun Sul Lee, Mike Hernandez.
Medium
264 ## - PRODUCTION, PUBLICATION, DISTRIBUTION, MANUFACTURE, AND COPYRIGHT NOTICE
Place of production, publication, distribution, manufacture Amsterdam :
Name of producer, publisher, distributor, manufacturer Elsevier,
Date of production, publication, distribution, manufacture, or copyright notice 2007.
300 ## - PHYSICAL DESCRIPTION
Extent 502 p.;
Other physical details 27 cm.
653 ## - INDEX TERM--UNCONTROLLED
keyword ბიოსტატისტიკა
653 ## - INDEX TERM--UNCONTROLLED
keyword მედიცინა
700 ## - ADDED ENTRY--PERSONAL NAME
Personal name Eun Sul Lee,
Relator term ავტორი
9 (RLIN) 21714
700 ## - ADDED ENTRY--PERSONAL NAME
Personal name Mike Hernandez.
Relator term ავტორი
9 (RLIN) 21715
942 ## - ADDED ENTRY ELEMENTS (KOHA)
Source of classification or shelving scheme
Koha item type წიგნი
ეგზემპლარები
Withdrawn status Lost status Source of classification or shelving scheme Damaged status Not for loan Permanent Location Current Location Shelving location Date acquired Cost, normal purchase price Full call number Barcode Date last seen Copy number Price effective from Koha item type Public note
          ბათუმის შოთა რუსთაველის სახელმწიფო უნივერსიტეტის მთავარი ბიბლიოთეკა ბათუმის შოთა რუსთაველის სახელმწიფო უნივერსიტეტის მთავარი ბიბლიოთეკა წიგნსაცავი 2024-04-04 156.00 614 F-75 67789 2024-04-04 67789 2024-04-04 წიგნი 156 ლ.